000 00345nam a2200145Ia 4500
008 200103s9999||||xx |||||||||||||| ||und||
040 _aIMU-MPC
082 _aColumn-42
100 _aHMSO, London
245 0 _aNaval Marine Engineering Practice, Vol. 1
250 _a2nd ed.
260 _bHMSO, London
_c1963
300 _axi, 298
942 _cBK
999 _c8748
_d8748